• 首页
  • 本馆介绍
  • 公告通知
  • 最新文献
  • 馆藏检索
  • 电子资源
  • 读者导购
  • 参考咨询
  • 我的图书馆
  • 登录
  • 详细信息显示
  • 放入我的书架
  • 预约/预借图书
  • 作者相关作品
  • 分类相关作品
  • 丛书相关作品
  • 出版社相关作品

书目信息

  • 表格格式
  • 工作单格式
  • 卡片格式
题名:
如何设计调查问题
    
 
作者: 芬克 著 ;黄卫斌 译
分册:  
出版信息: 北京   中国劳动社会保障出版社  2004
页数: 139页
开本: 21cm
丛书名: 调研工具箱丛书
单 册:
中图分类: C3
科图分类:
主题词: 调查研究--问题 , 社会科学--研究方法
电子资源:
ISBN: 7-5045-4442-6
000 01009oam2 2200289 45
001 0900000011551
005 20051223105634.04
010    @a7-5045-4442-6@dCNY12.00
092    @aCN
100    @a20040914d2004 ekmy0chiy0120 ea
101 1  @achi@ceng
105    @ak z 000yy
200 1  @a如何设计调查问题@9ru he she ji diao cha wen ti@f(美)阿琳·芬克著@F(mei)a lin·fen ke zhu@g黄卫斌译
210    @a北京@c中国劳动社会保障出版社@d2004
215    @a139页@d21cm
225 2  @a调研工具箱丛书@v2
305    @a原版英文版为第2版,中文译文版为第1版
330    @a书旨在指导读者如何设计和使用可靠有效的调查问题,涉及如何把握调查项目的文化、心理、背景,如何以正确的方式提问等内容。
454  1 @12001 @aHow to Ask Survey Questions@701 1@a Fink@bArlene
461  0 @12001 @a调研工具箱丛书
606 0  @a调查研究@x问题
606 0  @a社会科学@x研究方法
690    @aC3@v4
701  0 @a芬克@Afen ke@4著
702  0 @a黄卫斌@9huang wei bin@4译
801  0 @aCN@bCXYBOOK@c20051223
905    @a10447@dC3@e167:2
    
    如何设计调查问题/(美)阿琳·芬克著/黄卫斌译.-北京:中国劳动社会保障出版社,2004
    139页;21cm.-(调研工具箱丛书;2 )
    译自:
    
    ISBN 7-5045-4442-6:CNY12.00
    书旨在指导读者如何设计和使用可靠有效的调查问题,涉及如何把握调查项目的文化、心理、背景,如何以正确的方式提问等内容。
●
相关链接 在E读中查询图书 在五车中查询图书 在当当中查询图书 在豆瓣中查询图书


正题名:如何设计调查问题     索取号:C3/167:2         预约/预借

序号 登录号 条形码 馆藏地/架位号 状态 备注
1 0372374   203723747   第一样本阅览室/ [索取号:C3/167:2] 在馆    
2 0372375   203723756   第一借阅区/ [索取号:C3/167:2] 在馆    
3 0372376   203723765   第一借阅区/ [索取号:C3/167:2] 在馆    
4 0372377   203723774   第一借阅区/ [索取号:C3/167:2] 在馆    
5 0372378   203723783   第一借阅区/ [索取号:C3/167:2] 在馆    
唐山师范学院图书馆 欢迎您!
大连网信软件有限公司© 版权所有